Vigésima tercera asamblea general ordinaria de accionistas. (Record no. 58672)
[ view plain ]
| 000 -CABECERA | |
|---|---|
| campo de control de longitud fija | 00635nam a2200193 a 4500 |
| 005 - FECHA Y HORA DE LA ÚLTIMA TRANSACCIÓN | |
| campo de control | 20240919064340.0 |
| 008 - ELEMENTOS DE LONGITUD FIJA--INFORMACIÓN GENERAL | |
| campo de control de longitud fija | 991125s1957 mx 000 0 spa u |
| 035 ## - NÚMERO DE CONTROL DEL SISTEMA | |
| Número de control de sistema | UPN01000058672 |
| 049 ## - COLECCIÓN | |
| Colección | CG |
| 050 #4 - SIGNATURA TOPOGRÁFICA DE LA BIBLIOTECA DEL CONGRESO | |
| Número de clasificación | H89 |
| Número de documento/Ítem | A8.8 |
| 111 2# - ASIENTO PRINCIPAL--NOMBRE DE REUNION | |
| Nombre de congreso/reunión o jurisdicción como elemento de entrada | Asamblea General Ordinaria de Accionistas |
| Número del congreso/reunión o número de parte o sección | (23a : |
| Fecha del congreso/reunión | 1957 : |
| Sede del congreso/Lugar de la reunión | México) |
| 245 10 - MENCIÓN DE TÍTULO | |
| Título | Vigésima tercera asamblea general ordinaria de accionistas. |
| 260 ## - PUBLICACIÓN, DISTRIBUCIÓN, ETC. | |
| Lugar de publicación, distribución, etc. | México : |
| Nombre del editor, distribuidor, etc. | Nacional Financiera, |
| Fecha de publicación, distribución, etc. | 1957. |
| 300 ## - DESCRIPCIÓN FÍSICA | |
| Extensión | 255 p., [1] h. pleg. |
| 500 ## - NOTA GENERAL | |
| Nota general | Título de la cubierta: Informe anual 1957 |
| 650 #4 - ASIENTO SECUNDARIO DE MATERIA - TERMINO TEMATICO | |
| Término de materia o nombre geográfico como elemento de entrada | Economía |
| 9 (RLIN) | 11541 |
| 651 #4 - ASIENTO SECUNDARIO DE MATERIA - NOMBRE GEOGRAFICO | |
| Nombre geográfico | México |
| Subdivisión general | Condiciones económicas |
| 9 (RLIN) | 5661 |
| 905 ## - TIPO DE MATERIAL | |
| Tipo de material | Libro |
| Estado de retiro | Estado de pérdida | Fuente del sistema de clasificación o colocación | Estado dañado | No para préstamo | Código de colección | Localización permanente | Ubicación/localización actual | Ubicación en estantería | Total de préstamos | Clasificación | Código de barras | Fecha visto por última vez | Número de copia | Tipo de ítem Koha |
|---|---|---|---|---|---|---|---|---|---|---|---|---|---|---|
| Library of Congress Classification | Colección General | Bib. Gregorio Torres Quintero | Bib. Gregorio Torres Quintero | Planta baja | H89 A8.8 | 9891 | 31/12/2020 | 1 | Libro |
